LEADER 03806 am 22006853u 450 001 9910136503403321 005 20230621140033.0 010 $a9789048524846$b(PDF ebook) 010 $z9789089647320 035 $a(CKB)3710000000844815 035 $a(OCoLC)945782981 035 $a(oapen)https://directory.doabooks.org/handle/20.500.12854/30555 035 $a(EXLCZ)993710000000844815 100 $a20160912h20162016 uy 0 101 0 $aeng 135 $aurmn#nnn||||| 181 $ctxt$2rdacontent 182 $cc$2rdamedia 183 $acr$2rdacarrier 200 10$aSyntax of Dutch$iVerbs and verb phrases$hVolume 3 /$fHans Broekhuis, Norbert Corver, Riet Vos ; with the cooperation of Hans Bennis [and five others] 210 $cAmsterdam University Press$d2016 210 1$aAmsterdam, Netherlands :$cAmsterdam University Press,$d[2016] 210 4$dİ2016 215 $a1 online resource ([1119]-1840 pages) $cillustrations; digital file(s) 225 0 $aOpen Access e-Books 225 0 $aKnowledge Unlatched 225 1 $aComprehensive grammar resources 311 08$aPrint version: 9789089647320 320 $aIncludes bibliographical references in volume 3 (pages [1809]-1840) 327 $aChapter 8. Projection of verb phrases IV : adverbial modification -- Chapter 9. Word order in the clause I: general introduction -- Chapter 10. Word order in the clause II: placement of the finite verbs (Verb-first/second) -- Chapter 11. Word order in the clause III: clause-initial position (wh-movement) -- Chapter 12. Word order in the clause IV: postverbal field (extraposition) -- Chapter 13. Word order in the clause V: middle field (scrambling) -- Chapter 14. Main-clause external elements. 330 $aThe Syntax of Dutch aims at presenting a synthesis of the currently available syntactic knowledge of Dutch. It is primarily concerned with language description and not with linguistic theory, and provides support to all researchers interested in matters relating to the syntax of Dutch, including advanced students of language and linguistics. Syntax of Dutch: Verbs and Verb Phrases consists of three volumes. Volume 1 opens with a general introduction to verbs, including a review of various verb classifications and discussions on inflection, tense, mood, modality and aspect. This is followed by a comprehensive discussion of complementation (argument structure and verb frame alternations). Volume 2 continues the discussion of complementation, but is more specifically focused on clausal complements: the reader will find detailed discussions of finite and infinitival argument clauses, complex verb constructions and verb clustering. Volume 3 concludes with a description of adverbial modification and the overall structure of clauses in relation to, e.g., word order (verb placement, wh-movement. extraposition phenomena, scrambling, etc.). 410 0$aComprehensive grammar resources. 606 $aDutch language$xVerb 606 $aDutch language$xVerb phrase 606 $aDutch language$xSyntax 610 $asyntax 610 $averbs 610 $adutch 610 $aAdverb 610 $aDative case 610 $aDutch language 610 $aNoun phrase 610 $aObject (grammar) 610 $aParasitic gap 610 $aTopicalization 610 $aWh-movement 615 0$aDutch language$xVerb. 615 0$aDutch language$xVerb phrase. 615 0$aDutch language$xSyntax. 676 $a439.315 700 $aBroekhuis$b Hans$f1959-,$0803521 702 $aCorver$b Norbert$f1963-, 702 $aVis$b Riet 702 $aBennis$b Hans 801 0$bAuAdUSA 801 1$bAuAdUSA 801 2$bUkMaJRU 912 $a9910136503403321 996 $aSyntax of Dutch$91930027 997 $aUNINA LEADER 01322nam0 22002891i 450 001 UON00297015 005 20231205103946.846 100 $a20070607d1975 |0itac50 ba 101 $aeng 102 $aUS 105 $a|||| 1|||| 200 1 $aMotif-index of folk-literature$ea classification of narrative elements in folktales, ballads, myths, fables, mediaeval romances, exempla, fabliaux, jest-books, and local legends$fStith Thompson 205 $aRevised and enlarged edition 210 $aBloomington$cIndiana University Press$d1975 215 $a6 v.$d24 cm 606 $aLETTERATURA POPOLARE$xClassificazione$xBibliografia$3UONC053338$2FI 606 $aFOLKLORE$xBibliografia$3UONC064969$2FI 620 $aUS$dBloomington (IN)$3UONL000188 676 $a025.4$cClassificazione di discipline e soggetti specifici. Letteratura popolare$v21 700 1$aTHOMPSON$bStith$3UONV003412$081039 712 $aIndiana University Press$3UONV246015$4650 801 $aIT$bSOL$c20240220$gRICA 899 $aSIBA - SISTEMA BIBLIOTECARIO DI ATENEO$2UONSI 912 $aUON00297015 950 $aSIBA - SISTEMA BIBLIOTECARIO DI ATENEO$dSI S.C I E 04 a-f $eSI LO 3956 6 04 a-f 996 $aMotif-index of folk-literature$9149342 997 $aUNIOR